[Event "Titled Tuesday intern op 13th Jun Late"]
[Site "Chess.com INT"]
[Date "2023.06.13"]
[Round "9"]
[White "Swiercz, Dariusz"]
[Black "Firouzja, Alireza"]
[Result "0-1"]
[WhiteElo "2640"]
[BlackElo "2786"]
[PlyCount "146"]
[EventDate "2023.06.13"]
[EventType "swiss (blitz)"]
[EventRounds "11"]
[EventCountry "USA"]
[SourceTitle "EXT 2024"]
[Source "ChessBase"]
[SourceDate "2023.10.10"]
[SourceVersion "1"]
[SourceVersionDate "2023.10.10"]
[SourceQuality "1"]

1. e4 c6 2. d4 d5 3. e5 Bf5 4. h4 h5 5. Bd3 Bxd3 6. Qxd3 e6 7. Nf3 Qa5+ 8. Nbd2 Nh6 9. 0-0 Nf5 10. Nb3 Qa6 11. Qd1 b6 12. Bg5 c5 13. a4 Nc6 14. c3 Rc8 15. Re1 Be7 16. Bxe7 Ncxe7 17. g3 0-0 18. Nc1 cxd4 19. cxd4 Nc6 20. Ra3 Qc4 21. Rc3 Qa6 22. Ne2 Nb4 23. Nf4 g6 24. Ng5 Qb7 25. Nxh5 Nc6 26. Nf6+ Kg7 27. Rd3 Qe7 28. Qg4 Nb4 29. Rdd1 Nc2 30. Re2 Rc4 31. Nf3 Qb4 32. h5 Ncxd4 33. Nxd4 Rxd4 34. Rxd4 Qxd4 35. Qxd4 Nxd4 36. Re3 gxh5 37. Nxh5+ Kh6 38. Nf6 Rc8 39. Kg2 Kg6 40. Rd3 Nc6 41. f4 Nb4 42. Rd1 Rc2+ 43. Kf3 Rxb2 44. Rh1 Rb3+ 45. Kg4 Nd3 46. Rh8 Nf2+ 47. Kh4 Ne4 48. g4 Nxf6 49. exf6 Kxf6 50. Ra8 Rb4 51. Rxa7 Rxf4 52. Kg3 Rb4 53. Ra6 Kg5 54. Ra7 Rxg4+ 55. Kf3 Rb4 56. Ke3 f5 57. Kd3 d4 58. Rb7 e5 59. Rg7+ Kf4 60. Rc7 e4+ 61. Kc2 Ke3 62. Rf7 f4 63. Rc7 f3 64. a5 bxa5 65. Rh7 a4 66. Rh2 a3 67. Rh1 Rb2+ 68. Kc1 f2 69. Rd1 d3 70. Rh1 Rc2+ 71. Kb1 Re2 72. Ka1 Re1+ 73. Ka2 Rxh1 0-1

[Event "Titled Tuesday intern op 13th Jun Early"]
[Site "Chess.com INT"]
[Date "2023.06.13"]
[Round "5"]
[White "Swiercz, Dariusz"]
[Black "Nakamura, Hikaru"]
[Result "1/2-1/2"]
[WhiteElo "2640"]
[BlackElo "2775"]
[PlyCount "158"]
[EventDate "2023.06.13"]
[EventType "swiss (blitz)"]
[EventRounds "11"]
[EventCountry "USA"]
[SourceTitle "EXT 2024"]
[Source "ChessBase"]
[SourceDate "2023.10.10"]
[SourceVersion "1"]
[SourceVersionDate "2023.10.10"]
[SourceQuality "1"]

1. e4 c5 2. Nf3 Nc6 3. Bb5 Nf6 4. Bxc6 bxc6 5. e5 Nd5 6. 0-0 g6 7. c4 Nc7 8. d4 cxd4 9. Qxd4 Bg7 10. Qh4 h6 11. Nc3 Ne6 12. Re1 g5 13. Qh5 0-0 14. h4 f6 15. exf6 exf6 16. Be3 Ba6 17. Rad1 Bxc4 18. Qg4 Ba6 19. Qa4 Qc8 20. Nd4 Nxd4 21. Bxd4 d5 22. hxg5 hxg5 23. Re7 Rf7 24. Rde1 Bd3 25. R7e6 Qd7 26. Qxc6 Qxc6 27. Rxc6 Rd7 28. Bxf6 d4 29. Bxg7 Kxg7 30. Nb1 Rb8 31. b3 a5 32. Nd2 a4 33. Re5 axb3 34. axb3 Ra8 35. Rxg5+ Kf8 36. Rg3 Ra1+ 37. Kh2 Rh7+ 38. Rh3 Rxh3+ 39. Kxh3 Rd1 40. Nf3 Be4 41. Rf6+ Kg7 42. Rf4 Bxf3 43. Rxf3 Rc1 44. Kg4 Rc3 45. Kf4 d3 46. Ke3 Rxb3 47. Kd2 Rb2+ 48. Kxd3 Kg6 49. Ke3 Rb3+ 50. Kf4 Rb4+ 51. Kg3 Kg5 52. Re3 Rg4+ 53. Kf3 Rf4+ 54. Ke2 Ra4 55. g3 Kg4 56. Re8 Kh3 57. Rf8 Kg2 58. Ke3 Rb4 59. Rf4 Rb8 60. Rf5 Re8+ 61. Kd3 Kh3 62. Rf4 Re7 63. Kd2 Re8 64. Rf3 Re7 65. Re3 Rf7 66. Ke2 Kg2 67. f4 Ra7 68. f5 Ra4 69. Re5 Ra3 70. Kd2 Rxg3 71. Re2+ Kf1 72. f6 Rf3 73. Re6 Kf2 74. Kc2 Rf5 75. Rd6 Ke3 76. Kc3 Kf4 77. Kc4 Kg5 78. Rd5 Rxd5 79. Kxd5 Kxf6 1/2-1/2

[Event "Titled Tuesday intern op 13th Jun Early"]
[Site "Chess.com INT"]
[Date "2023.06.13"]
[Round "6"]
[White "Swiercz, Dariusz"]
[Black "Paravyan, David"]
[Result "0-1"]
[WhiteElo "2640"]
[BlackElo "2612"]
[PlyCount "130"]
[EventDate "2023.06.13"]
[EventType "swiss (blitz)"]
[EventRounds "11"]
[EventCountry "USA"]
[SourceTitle "EXT 2024"]
[Source "ChessBase"]
[SourceDate "2023.10.10"]
[SourceVersion "1"]
[SourceVersionDate "2023.10.10"]
[SourceQuality "1"]

1. d4 Nf6 2. Nf3 g6 3. Nbd2 d5 4. e3 Bg7 5. b4 a5 6. b5 c5 7. bxc6 Nxc6 8. Bb5 0-0 9. 0-0 Bf5 10. Bb2 a4 11. Ba3 Na7 12. Be2 Rc8 13. Rc1 b5 14. Bc5 Qc7 15. Bxa7 Qxa7 16. Bxb5 Rc3 17. Nb1 Ne4 18. Nfd2 Rc7 19. Nxe4 Bxe4 20. Bd3 Bxd3 21. cxd3 Rfc8 22. Rxc7 Rxc7 23. Na3 Qa6 24. Qb1 e6 25. Qb5 Qxb5 26. Nxb5 Rc2 27. a3 Bf8 28. Rb1 Rd2 29. g3 Rxd3 30. Kg2 Rb3 31. Rxb3 axb3 32. Nc3 Bxa3 33. Kf3 Bb4 34. Nb1 Kg7 35. Ke2 Kf6 36. Kd3 Kf5 37. f3 h5 38. Nd2 Bxd2 39. Kxd2 g5 40. h3 g4 41. fxg4+ hxg4 42. h4 e5 43. Kc3 exd4+ 44. exd4 Ke4 45. Kxb3 Kxd4 46. Kc2 Ke4 47. Kd2 d4 48. Ke2 f5 49. Kf2 f4 50. h5 fxg3+ 51. Kxg3 d3 52. h6 d2 53. h7 d1Q 54. h8Q Qg1+ 55. Kh4 Qh2+ 56. Kg5 Qxh8 57. Kg6 g3 58. Kf7 g2 59. Ke6 Qg7 60. Kd6 Kf5 61. Kc6 Qe7 62. Kb6 Ke6 63. Ka6 Qb4 64. Ka7 g1Q+ 65. Ka8 Qa1# 0-1

[Event "Titled Tuesday intern op 16th May Early"]
[Site "Chess.com INT"]
[Date "2023.05.16"]
[Round "9"]
[White "Mamedyarov, Shakhriyar"]
[Black "Swiercz, Dariusz"]
[Result "1-0"]
[WhiteElo "2738"]
[BlackElo "2637"]
[PlyCount "71"]
[EventDate "2023.05.16"]
[EventType "swiss (blitz)"]
[EventRounds "11"]
[EventCountry "USA"]
[SourceTitle "CBM 214 Extra"]
[Source "ChessBase"]
[SourceDate "2023.07.31"]
[SourceVersion "1"]
[SourceVersionDate "2023.07.31"]
[SourceQuality "1"]

1. d4 Nf6 2. c4 e6 3. Nc3 d5 4. cxd5 Nxd5 5. e4 Nxc3 6. bxc3 c5 7. Rb1 Be7 8. Bb5+ Bd7 9. Bd3 Bc6 10. Nf3 Nd7 11. 0-0 0-0 12. d5 exd5 13. exd5 Bxd5 14. Bxh7+ Kxh7 15. Qxd5 Nb6 16. Qxb7 Bf6 17. Be3 Kg8 18. Bxc5 Qc8 19. Qxc8 Rfxc8 20. Bd4 Bxd4 21. cxd4 Rc2 22. a3 Rac8 23. h4 f6 24. Rb3 Nd5 25. g3 Ra2 26. h5 Rc3 27. Rb8+ Kf7 28. Nh4 Rcc2 29. Rb7+ Rc7 30. Rfb1 Ke6 31. Re1+ Kd7 32. Rb8 Nc3 33. Nf5 Rxa3 34. Rg8 Kc6 35. Rxg7 Rxg7 36. Nxg7 1-0

[Event "Titled Tuesday intern op 16th May Early"]
[Site "Chess.com INT"]
[Date "2023.05.16"]
[Round "4"]
[White "Papasimakopoulos, Alexandros"]
[Black "Swiercz, Dariusz"]
[Result "0-1"]
[WhiteElo "2401"]
[BlackElo "2637"]
[PlyCount "90"]
[EventDate "2023.05.16"]
[EventType "swiss (blitz)"]
[EventRounds "11"]
[EventCountry "USA"]
[SourceTitle "CBM 214 Extra"]
[Source "ChessBase"]
[SourceDate "2023.07.31"]
[SourceVersion "1"]
[SourceVersionDate "2023.07.31"]
[SourceQuality "1"]

1. d4 Nf6 2. c4 g6 3. Nc3 Bg7 4. Bg5 0-0 5. e3 c5 6. d5 Qa5 7. Qd2 e6 8. Nf3 d6 9. h3 Na6 10. Be2 Nc7 11. dxe6 Bxe6 12. 0-0 Qb6 13. Rfd1 Rad8 14. e4 Na6 15. Rac1 Nb4 16. b3 Nc6 17. Bh6 Ne5 18. Bxg7 Kxg7 19. Qf4 Nxf3+ 20. Bxf3 a6 21. Rd3 Rd7 22. Rcd1 Rfd8 23. g4 h6 24. h4 Qc7 25. g5 hxg5 26. hxg5 Nh7 27. Bg4 Rf8 28. Rh3 Qd8 29. Bxe6 fxe6 30. Rxh7+ Kxh7 31. Qh4+ Kg8 32. Rd3 Rh7 33. Qg4 Qe7 34. f4 Rh5 35. Rg3 Kh8 36. Rg2 Qh7 37. Kf2 Rh4 38. Qxe6 Rhxf4+ 39. Ke2 Qh1 40. Rg3 Qh2+ 41. Kd3 Qxg3+ 42. Kd2 Rf2+ 43. Ne2 Rxe2+ 44. Kxe2 Rf2+ 45. Ke1 Qg1# 0-1

[Event "ChessKid Cup Play In"]
[Site "Chess.com INT"]
[Date "2023.05.01"]
[Round "3"]
[White "Harsha, Bharathakoti"]
[Black "Swiercz, Dariusz"]
[Result "0-1"]
[WhiteElo "2608"]
[BlackElo "2637"]
[PlyCount "94"]
[EventDate "2023.05.01"]
[EventType "swiss (blitz)"]
[EventRounds "9"]
[EventCountry "USA"]
[SourceTitle "CBM 214 Extra"]
[Source "ChessBase"]
[SourceDate "2023.07.31"]
[SourceVersion "1"]
[SourceVersionDate "2023.07.31"]
[SourceQuality "1"]

1. Nf3 Nf6 2. g3 g6 3. b3 Bg7 4. Bb2 0-0 5. Bg2 c5 6. c4 Nc6 7. 0-0 d6 8. d3 Bf5 9. Nc3 Qd7 10. Nd5 e5 11. Nxf6+ Bxf6 12. a3 a5 13. e3 Rfe8 14. Qc2 Bh3 15. Nd2 Bxg2 16. Kxg2 d5 17. cxd5 Qxd5+ 18. e4 Qd7 19. Nc4 Rad8 20. Rad1 Qe6 21. Bc3 h5 22. Nxa5 Nxa5 23. Bxa5 b6 24. Bc3 h4 25. h3 Rd7 26. f4 exf4 27. Bxf6 Qxf6 28. Rxf4 Qe5 29. Rxh4 Red8 30. Rf4 b5 31. Rf3 Rd4 32. Rff1 R8d7 33. h4 Qd6 34. Qf2 c4 35. bxc4 bxc4 36. Qf6 Qc7 37. h5 Rxd3 38. Rxd3 Rxd3 39. Rf4 Rd6 40. Qg5 c3 41. e5 Qc6+ 42. Kh3 Qh1+ 43. Kg4 Qd1+ 44. Kh3 Qh1+ 45. Kg4 Qd1+ 46. Kh3 Re6 47. hxg6 Rxg6 0-1